{"text_format":"2","workbook":"xlsx","n_sheets":9,"sheets":["Resumo","FSUP","FSUP-I EQUIPE TÉCNICA","FSUP-II VIAGENS","FSUP-III Manutenção Operac","FSUP-IV Mobiliz Desmob","FSUP-V Det. custos Adm.","FSUP-VI Det. Desp Fiscais","FSUP-VII Det. Enc. Sociais"],"not_rendered":{"charts":0,"images":0,"macros":0,"external_links":1,"defined_names":29,"comments":0,"pivot_tables":0},"unopened":[],"bounds":{"document_bytes":16777216,"sheet_cells":100000,"run_cost":"one","rows_first":2000,"rows_last":500,"rows_between":2000,"halvings":0,"cell_chars":16384,"cell_head_chars":4096},"cells_cut":0,"cells_raw":0,"read":"whole","date_system":"1900"}

{"sheet":"Resumo","index":0,"n_rows":3,"n_cols":14,"rows_kept":3,"cut":false,"hidden":false,"merged":[[2,0,2,12],[2,13,2,14],[0,0,0,12],[0,13,0,14],[1,0,1,12],[1,13,1,14]]}
["TOTAL DOS CUSTOS DIRETOS",{"$nulls":12},{"$f":"FSUP!N33","v":1626288.32}]
["TOTAL DO CUSTOS INDIRETOS",{"$nulls":12},{"$f":"FSUP!N37","v":568424.49}]
["TOTAL DA PROPOSTA",{"$nulls":12},{"$f":"FSUP!N38","v":2194712.81}]

{"sheet":"FSUP","index":1,"n_rows":43,"n_cols":14,"rows_kept":43,"cut":false,"hidden":false,"merged":[[10,0,10,12],[10,13,10,14],[11,0,11,12],[11,13,11,14],[9,0,9,14],[8,0,8,14],[2,0,3,12],[2,13,2,14],[3,13,3,14],[4,0,4,14],[5,0,5,14],[6,0,6,3],[6,4,6,12],[6,13,6,14],[7,0,7,3],[7,4,7,12],[7,13,7,14],[12,0,12,12],[12,13,12,14],[20,0,20,12],[20,13,20,14],[15,0,15,12],[15,13,15,14],[16,0,16,12],[16,13,16,14],[17,0,17,12],[17,13,17,14],[14,0,14,12],[14,13,14,14],[13,0,13,14],[18,0,18,12],[18,13,18,14],[19,0,19,12],[19,13,19,14],[27,0,27,12],[27,13,27,14],[21,0,21,12],[21,13,21,14],[22,0,22,12],[22,13,22,14],[23,0,23,14],[24,0,24,14],[25,0,25,12],[25,13,25,14],[26,0,26,12],[26,13,26,14],[28,0,28,12],[28,13,28,14],[38,0,38,8],[38,9,38,14],[30,0,30,12],[30,13,30,14],[32,0,32,12],[32,13,32,14],[33,0,33,12],[33,13,33,14],[31,0,31,12],[31,13,31,14],[29,0,29,12],[29,13,29,14],[39,0,39,8],[39,9,39,14],[34,0,34,12],[34,13,34,14],[35,0,35,12],[35,13,35,14],[37,0,37,12],[37,13,37,14],[36,0,36,12],[36,13,36,14],[46,0,46,14],[40,0,40,12],[40,13,40,14],[41,0,41,12],[41,13,41,14],[42,0,42,14],[43,1,43,14],[44,0,44,14],[45,0,45,14]]}
[]
[]
["PROPOSTA FINANCEIRA SUP. E APOIO A FISC. DE OBRA",{"$nulls":12},"CODIGO:"]
[{"$nulls":13},"FSUP"]
["NOME DA CONSULTORA:"]
[]
["PROJETO:",null,null,null,"OBJETO:",{"$nulls":8},"EDITAL:"]
["Obras Viárias ",null,null,null,"Apoio à Fiscalização"]
["SERVIÇOS PAGOS A PREÇO UNITÁRIO"]
["MOBILIZAÇÃO/DESMOBILIZAÇÃO"]
[" A1 - MOBILIZAÇÃO (FSUP-IV)",{"$nulls":12},{"$f":"'FSUP-IV Mobiliz Desmob'!H41","v":0}]
[" A2 - DESMOBILIZAÇÃO (FSUP-IV)",{"$nulls":12},{"$f":"'FSUP-IV Mobiliz Desmob'!L41","v":0}]
[" A - TOTAL DOS CUSTOS COM MOBILIZAÇÃO E DESMOBILIZAÇÃO",{"$nulls":12},{"$f":"N11+N12","v":0}]
["MÃO-DE-OBRA"]
[" B1 - TOTAL DE SALÁRIO DA EQUIPE COM VÍNCULO (FSUP-I)",{"$nulls":12},{"$f":"'FSUP-I EQUIPE TÉCNICA'!L42","v":387288}]
[" B2 - TOTAL DE SALÁRIO DO AUTÔNOMO (FSUP-I)",{"$nulls":12},{"$f":"'FSUP-I EQUIPE TÉCNICA'!M42","v":176457.59999999998}]
[" B - TOTAL DOS CUSTOS DE SALÁRIOS DA EQUIPE",{"$nulls":12},{"$f":"SUM(N15:O16)","v":563745.6}]
["C1 - ENCARGOS SOCIAiS DE B1 = % Variáveis DO B1",{"$nulls":12},{"$f":"'FSUP-VII Det. Enc. Sociais'!$G$24","v":415004.64}]
[" C2 - ENCARGOS SOCIAIS DE B2 (20% DO B2)",{"$nulls":12},{"$f":"ROUND(N16*0.2,2)","v":35291.519999999997}]
[" C - TOTAL DOS CUSTOS COM ENCARGOS SOCIAIS",{"$nulls":12},{"$f":"SUM(N18:O19)","v":450296.16000000003}]
[" D1 - CUSTO TOTAL DAS PASSAGENS AÉREAS E TERRESTRES (FSUP-II)",{"$nulls":12},{"$f":"'FSUP-II VIAGENS'!H32","v":26476.799999999999}]
[" D2 - CUSTO TOTAL DAS DIÁRIAS (FSUP-II)",{"$nulls":12},{"$f":"'FSUP-II VIAGENS'!M32","v":295872}]
[" D - TOTAL DO CUSTO COM VIAGENS",{"$nulls":12},{"$f":"SUM(N21:O22)","v":322348.79999999999}]
[]
["MANUTENÇÃO OPERACIONAL"]
[" 1 - CUSTO DOS VEÍCULOS (FSUP-III, ITEM 1)",{"$nulls":12},{"$f":"'FSUP-III Manutenção Operac'!I15","v":215496.65999999997}]
[" 2 - CUSTO DA MANUTENÇÃO E ADMINISTRAÇÃO DO ESCRITÓRIO DE APOIO (FSUP-III, ITEM 2)",{"$nulls":12},{"$f":"'FSUP-III Manutenção Operac'!I26","v":23427.360000000001}]
[" 3 - EQUIPAMENTO (FSUP-III, ITEM 3)",{"$nulls":12},{"$f":"'FSUP-III Manutenção Operac'!I34","v":39467.399999999994}]
[" 4 - SERVIÇOS GRÁFICOS/COMPUTAÇÃO  (FSUP-III, ITEM 4)",{"$nulls":12},{"$f":"'FSUP-III Manutenção Operac'!I41","v":660}]
["5 - ENSAIOS  (FSUP-III, ITEM 5)",{"$nulls":12},{"$f":"'FSUP-III Manutenção Operac'!I48","v":10846.34}]
[]
["E - TOTAL DOS PREÇOS COM MANUTENÇÃO OPERACIONAL",{"$nulls":12},{"$f":"SUM(N26:O31)","v":289897.75999999995}]
["TOTAL DOS CUSTOS DIRETOS",{"$nulls":12},{"$f":"SUM(N13+N17+N20+N23+N32)","v":1626288.32}]
[{"$f":"CONCATENATE(\"F - CUSTOS DE ADMINISTRAÇÃO = \",'FSUP-V Det. custos Adm.'!F38,\"% DO B\")","v":"F - CUSTOS DE ADMINISTRAÇÃO = 15% DO B"},{"$nulls":12},{"$f":"ROUND(N17*'FSUP-V Det. custos Adm.'!$F$38/100,2)","v":84561.84}]
[" G - REMUNERAÇÃO DA EMPRESA (LUCRO) = (10% DE A + B + C + D + E + F)",{"$nulls":12},{"$f":"ROUND(0.1*(N13+N17+N20+N23+N32+N34),2)","v":171085.02}]
[{"$f":"CONCATENATE(\"H - DESPESAS FISCAIS = (\",'FSUP-VI Det. Desp Fiscais'!G29,\"% DE (A + B + C + D + E + F + G)\")","v":"H - DESPESAS FISCAIS = (16,62% DE (A + B + C + D + E + F + G)"},{"$nulls":12},{"$f":"ROUND('FSUP-VI Det. Desp Fiscais'!$G$29/100*(N13+N17+N20+N23+N32+N34+N35),2)","v":312777.63}]
["TOTAL DO CUSTOS INDIRETOS",{"$nulls":12},{"$f":"SUM(N34:O36)","v":568424.49}]
["TOTAL DA PROPOSTA",{"$nulls":12},{"$f":"N33+N37","v":2194712.81}]
["NOME DO INFORMANTE:",{"$nulls":8},"QUALIFICAÇÃO:"]
[]
["ASSINATURA:",{"$nulls":12},"DATA:"]
[]
["OBSERVAÇÃO:"]

{"sheet":"FSUP-I EQUIPE TÉCNICA","index":2,"n_rows":59,"n_cols":13,"rows_kept":59,"cut":false,"hidden":false,"merged":[[2,0,3,10],[2,11,2,12],[3,11,3,12],[4,0,4,12],[8,0,8,3],[8,4,8,10],[8,11,8,12],[6,2,6,10],[7,11,7,12],[7,2,7,10],[6,11,6,12],[5,0,5,14],[6,0,6,1],[10,0,10,1],[11,0,11,1],[9,0,9,1],[13,0,13,1],[16,0,16,1],[15,0,15,1],[14,0,14,1],[12,0,12,1],[17,0,17,1],[18,0,18,1],[19,0,19,1],[33,0,33,1],[32,0,32,1],[29,0,29,1],[30,0,30,1],[31,0,31,1],[27,0,27,1],[28,0,28,1],[23,0,23,1],[24,0,24,1],[25,0,25,1],[26,0,26,1],[21,0,21,1],[22,0,22,1],[59,0,59,12],[53,0,53,12],[54,0,54,12],[55,0,55,12],[57,0,57,12],[51,0,51,12],[50,0,50,12],[58,0,58,12],[0,0,1,12],[47,0,47,12],[42,0,42,6],[42,7,42,12],[44,0,44,10],[44,11,44,12],[38,0,38,1],[35,0,35,1],[40,4,40,10],[41,0,41,10],[46,0,46,12],[48,0,48,12],[52,0,52,12],[39,0,39,1],[40,0,40,2],[34,0,34,1],[43,7,43,12],[45,0,45,10],[45,11,45,12],[43,0,43,6],[37,0,37,1],[36,0,36,1]]}
[]
[]
["SALÁRIOS DA EQUIPE TÉCNICA",{"$nulls":10},"CODIGO:"]
[{"$nulls":11},"FSUP- I"]
["NOME DA CONSULTORA:"]
[]
["PROJETO:",null,"OBJETO:",{"$nulls":8},"EDITAL:"]
["Obras Viárias ",null,"Apoio à Fiscalização"]
["EQUIPE TÉCNICA",null,null,null,"COMPOSIÇÃO DOS SALÁRIOS POR PROFISSÃO/FUNÇÃO",{"$nulls":6},"CUSTOS "]
[{"$nulls":4},"SALÁRIO","ENC.","CUSTO ","R. EMP.","DESP.","SALÁRIO","HORA","SALÁRIO","SALÁRIO"]
["PROFISSÃO/FUNÇÃO",null,"S","QTD","CATEG.","SOCIAIS","ADM.","LUCRO","FISCAIS","MENSAL","TÉCNICA","B1","B2"]
[]
["NÍVEL SUPERIOR"]
["Eng. Coordenador (10 anos experiência)",null,"P8061",12,17146.8,14660.32,{"$f":"TRUNC(E14*('FSUP-V Det. custos Adm.'!$F$38/100),2)","v":2572.02},{"$f":"TRUNC(0.1*(E14+F14+G14),2)","v":3437.91},{"$f":"TRUNC('FSUP-VI Det. Desp Fiscais'!$G$29/100*(E14+F14+G14+H14),2)","v":6285.19},{"$f":"SUM(E14:I14)","v":44102.240000000005},{"$f":"TRUNC(J14/176,2)","v":250.58},{"$f":"TRUNC(D14*E14,2)","v":205761.6}]
["Eng. Ambiental/Agrícola/Agônomo/Agrimensor/Civil/Geólogo",null,"P8058",12,12236.4,null,{"$f":"TRUNC(E15*('FSUP-V Det. custos Adm.'!$F$38/100),2)","v":1835.46},{"$f":"TRUNC(0.1*(E15+F15+G15),2)","v":1407.18},{"$f":"TRUNC('FSUP-VI Det. Desp Fiscais'!$G$29/100*(E15+F15+G15+H15),2)","v":2572.61},{"$f":"SUM(E15:I15)","v":18051.650000000001},{"$f":"TRUNC(J15/176,2)","v":102.56},null,{"$f":"TRUNC(D15*E15,2)","v":146836.79999999999}]
["(*) Profissional com atuação por demanda"]
[]
[]
[]
[]
["NÍVEL TÉCNICO"]
["Técnico de Campo (05 anos de experiencia)",null,"P8147",24,3115.2,3557.0299999999997,{"$f":"TRUNC(E22*('FSUP-V Det. custos Adm.'!$F$38/100),2)","v":467.28},{"$f":"TRUNC(0.1*(E22+F22+G22),2)","v":713.95},{"$f":"TRUNC('FSUP-VI Det. Desp Fiscais'!$G$29/100*(E22+F22+G22+H22),2)","v":1305.24},{"$f":"SUM(E22:I22)","v":9158.6999999999989},{"$f":"TRUNC(J22/176,2)","v":52.03},{"$f":"TRUNC(D22*E22,2)","v":74764.800000000003}]
["Topógrafo",null,"P8163",12,2244,2911.69,{"$f":"TRUNC(E23*('FSUP-V Det. custos Adm.'!$F$38/100),2)","v":336.6},{"$f":"TRUNC(0.1*(E23+F23+G23),2)","v":549.22},{"$f":"TRUNC('FSUP-VI Det. Desp Fiscais'!$G$29/100*(E23+F23+G23+H23),2)","v":1004.09},{"$f":"SUM(E23:I23)","v":7045.6000000000013},{"$f":"TRUNC(J23/176,2)","v":40.03},{"$f":"TRUNC(D23*E23,2)","v":26928}]
["Laboratorista",null,"P8098",12,2098.8000000000002,2802.25,{"$f":"TRUNC(E24*('FSUP-V Det. custos Adm.'!$F$38/100),2)","v":314.82},{"$f":"TRUNC(0.1*(E24+F24+G24),2)","v":521.58000000000004},{"$f":"TRUNC('FSUP-VI Det. Desp Fiscais'!$G$29/100*(E24+F24+G24+H24),2)","v":953.56},{"$f":"SUM(E24:I24)","v":6691.01},{"$f":"TRUNC(J24/176,2)","v":38.01},{"$f":"TRUNC(D24*E24,2)","v":25185.599999999999}]
["Cadista",null,"P8155",12,2468.4,null,{"$f":"TRUNC(E25*('FSUP-V Det. custos Adm.'!$F$38/100),2)","v":370.26},283.86,{"$f":"TRUNC('FSUP-VI Det. Desp Fiscais'!$G$29/100*(E25+F25+G25+H25),2)","v":518.96},3641.48,20.69,null,{"$f":"TRUNC(D25*E25,2)","v":29620.799999999999}]
{"$rows_empty":9}
["NÍVEL AUXILIAR"]
["Auxiliar Topografia",null,"P8028",24,1425.6,2309.12,{"$f":"TRUNC(E36*('FSUP-V Det. custos Adm.'!$F$38/100),2)","v":213.84},{"$f":"TRUNC(0.1*(E36+F36+G36),2)","v":394.85},{"$f":"TRUNC('FSUP-VI Det. Desp Fiscais'!$G$29/100*(E36+F36+G36+H36),2)","v":721.87},{"$f":"SUM(E36:I36)","v":5065.28},{"$f":"TRUNC(J36/176,2)","v":28.78},{"$f":"TRUNC(D36*E36,2)","v":34214.400000000001}]
["Auxiliar Administrativo",null,"P8026",12,1702.8,2477.16,{"$f":"TRUNC(E37*('FSUP-V Det. custos Adm.'!$F$38/100),2)","v":255.42},{"$f":"TRUNC(0.1*(E37+F37+G37),2)","v":443.53},{"$f":"TRUNC('FSUP-VI Det. Desp Fiscais'!$G$29/100*(E37+F37+G37+H37),2)","v":810.87},{"$f":"SUM(E37:I37)","v":5689.78},{"$f":"TRUNC(J37/176,2)","v":32.32},{"$f":"TRUNC(D37*E37,2)","v":20433.599999999999}]
[]
["APOIO"]
[]
[]
["TOTAIS DOS  SALÁRIOS DA EQUIPE",{"$nulls":10},{"$f":"ROUND(SUM(L13:L41),2)","v":387288},{"$f":"SUM(M13:M41)","v":176457.59999999998}]
["NOME DO INFORMANTE:",{"$nulls":6},"QUALIFICAÇÃO:"]
[]
["ASSINATURA:",{"$nulls":10},"DATA:"]
[]
["OBSERVAÇÃO:"]
["1 - UTILIZAR  OS PARÂMETROS DE CLASSIFICAÇÃO  INDICADOS NO TSUP- II EQUIPE TÉCNICA"]
["2- UTILIZAR OS SÍMBOLOS INDICADOS NO TSUP-II EQUIPE TÉCNICA"]
["3- INDICAR A QUANTIDADE DE HOMENS POR CATEGORIA. "]
["4- INIDCAR O SALÁRIO BASE DA CATEGORIA"]
[{"$f":"CONCATENATE(\"5 - ENC. SOCIAIS, APLICAR NO MÁXIMO 20%  PARA AUTÔNOMOS E % VARIÁVEL PARA EMPREG. COM VÍNCULO DETALHAR NO FSUP-VII\")","v":"5 - ENC. SOCIAIS, APLICAR NO MÁXIMO 20%  PARA AUTÔNOMOS E % VARIÁVEL PARA EMPREG. COM VÍNCULO DETALHAR NO FSUP-VII"}]
["6- CUSTO DE ADMINISTRAÇÃO, APLICAR NO MÁXIMO 25% SOBRE O SALÁRIO BASE DA CATEGORIA"]
["7 - REMUN. DA EMPRESA (LUCRO), APLICAR NO MÁXIMO 10% SOBRE O SALÁRIO DA CATEG + ENCARGOS SOCIAIS + CUSTO DE ADM."]
["8 - DESP. FISCAIS, APLICAR O DF' CALCULADO NO FSUP-VI SOBRE O SALÁRIO DA CATEG. + ENC. SOCIAIS + CUSTO DE ADM. + LUCRO "]
["9- PREÇO DO HOMEM MÊS POR CATEGORIA = SOMATÓRIO DOS ITENS   (4) + (5) + (6) + (7) +(8) "]
["10- PREÇO DA HORA TÉCNICA = (9) / 176"]
["11 - SALÁRIOS DE B1 = SALARIO DOS EMPREGADOS COM VÍNCULO X QTD HOMEM MÊS. EXPORTAR O TOTAL PARA LINHA B1 DO FSUP"]
["12 - SALÁRIO DE B2 = SALÁRIO DO AUTÔNOMO X QTD HOMEM X MÊS. EXPORTAR O TOTAL PARA A LINHA B2 DO FSUP"]

{"sheet":"FSUP-II VIAGENS","index":3,"n_rows":46,"n_cols":15,"rows_kept":46,"cut":false,"hidden":false,"merged":[[2,0,3,12],[2,13,2,14],[3,13,3,14],[4,0,4,14],[9,13,9,14],[8,11,8,14],[8,0,10,0],[7,2,7,8],[9,11,9,12],[8,4,8,9],[9,4,10,4],[9,5,10,5],[9,6,9,7],[15,1,15,3],[16,1,16,3],[9,10,10,10],[6,0,6,1],[6,2,6,14],[9,8,9,9],[33,0,33,5],[33,6,33,14],[34,0,34,11],[34,12,34,14],[20,1,20,3],[32,6,32,14],[28,1,28,3],[29,1,29,3],[30,1,30,3],[31,0,31,5],[32,0,32,5],[0,0,1,14],[21,1,21,3],[22,1,22,3],[23,1,23,3],[27,1,27,3],[26,1,26,3],[25,1,25,3],[24,1,24,3],[11,1,11,3],[13,1,13,3],[14,1,14,3],[8,1,10,3],[12,1,12,3],[17,1,17,3],[18,1,18,3],[19,1,19,3],[43,0,43,14],[35,12,35,14],[36,0,36,14],[38,0,38,14],[35,0,35,11],[39,0,39,14],[40,0,40,14],[41,0,41,14]]}
[]
[]
["VIAGENS DA EQUIPE TÉCNICA",{"$nulls":12},"CODIGO:"]
[{"$nulls":13},"FSUP-II"]
["NOME DA CONSULTORA:"]
[]
["PROJETO:",null,"OBJETO:"]
["Obras Viárias",null,"Apoio à Fiscalização"]
["SIMBOLO","ROTEIRO (ida e volta)",null,null,"PEDÁGIO",{"$nulls":6},"DIÁRIAS"]
[{"$nulls":4},"A/T","QTD","CUSTO",null,"PREÇO",null,"QTD","CUSTO",null,"PREÇO"]
[{"$nulls":6},"UNITÁRIO","TOTAL","UNITÁRIO","TOTAL",null,"UNITÁRIO","TOTAL","UNITÁRIO","TOTAL"]
[null,"Diárias coordenador",{"$nulls":8},96,268,{"$f":"TRUNC((K12*L12),2)","v":25728},{"$f":"TRUNC((L12*(1+0.1)*(1+(16.62/100))),2)","v":343.79},{"$f":"TRUNC((K12*N12),2)","v":33003.839999999997}]
[null,"Diárias técnicos",{"$nulls":8},384,268,{"$f":"TRUNC((K13*L13),2)","v":102912},{"$f":"TRUNC((L13*(1+0.1)*(1+(16.62/100))),2)","v":343.79},{"$f":"TRUNC((K13*N13),2)","v":132015.35999999999}]
[null,"Diárias equipe topografia",{"$nulls":8},432,268,115776,343.79,148517.28]
[null,"Diária",{"$nulls":8},96,268,25728,343.79,33003.839999999997]
[null,"Diárias profissionais sem veículo",{"$nulls":8},96,268,25728,{"$f":"TRUNC((L16*(1+0.1)*(1+(16.62/100))),2)","v":343.79},33003.839999999997]
[]
["Pedágio","Engenheiro Coordenador",null,null,null,192,9.85,{"$f":"TRUNC((F18*G18),2)","v":1891.2},{"$f":"TRUNC((G18*(1+0.1)*(1+(16.62/100))),2)","v":12.63},{"$f":"TRUNC((F18*I18),2)","v":2424.96}]
["Pedágio","Técnico de Campo 01",null,null,null,768,9.85,7564.8,{"$f":"TRUNC((G19*(1+0.1)*(1+(16.62/100))),2)","v":12.63},9699.84]
["Pedágio","Técnico de Campo 02",null,null,null,768,9.85,7564.8,12.63,9699.84]
["Pedágio","Equipe Topografia",null,null,null,768,9.85,7564.8,12.63,9699.84]
["Pedágio","Engenheiros",null,null,null,192,9.85,1891.2,12.63,2424.96]
{"$rows_empty":9}
["TOTAIS DE CUSTOS E DE PREÇOS DE PASSAGENS E DIÁRIAS",{"$nulls":6},{"$f":"SUM(H12:H31)","v":26476.799999999999},null,{"$f":"SUM(J12:J31)","v":33949.440000000002},null,null,{"$f":"SUM(M12:M31)","v":295872},null,{"$f":"SUM(O12:O31)","v":379544.15999999992}]
["NOME DO INFORMANTE:",{"$nulls":5},"QUALIFICAÇÃO:"]
[]
["ASSINATURA:",{"$nulls":11},"DATA:"]
[]
["OBSERVAÇÕES:"]
["1 - VIAGENS DURANTE  A EXECUÇÃO DOS SERVIÇOS "]
["2 - NÂO INCLUIR  VIAGENS COM MOBILIZAÇÃO/DESMOBILIZAÇÃO DA EQUIPE QUE SERÃO CALCULADOS NO PSUP-IV"]
["3 - AS DIÁRIAS COBREM DESPESAS COM  ALIMENTAÇÃO E HOSPEDAGEM"]
["4 - INDICAR (A) PARA AS PASSAGENS  AÉREAS E (T) PARA AS TERRESTRES"]
["5 - CUSTO DO ITEM SEM LUCRO E SEM DESPESAS FISCAIS"]
["6 - EXPORTAR O TOTAL DO CUSTO COM PASSAGENS E DIÁRIAS, RESPECTIVAMENTE,  LINHAS  \"D1\" E \"D2\" DO PSUP"]
[{"$f":"CONCATENATE(\";6 - PREÇO = CUSTO + LUCRO+ DESPESAS FISCAIS E SERÁ CALCULADO COM A SEGUINTE FORMULA:CUSTO*(1+0,1)*(1+\",'FSUP-VI Det. Desp Fiscais'!G29,\"%)\")","v":";6 - PREÇO = CUSTO + LUCRO+ DESPESAS FISCAIS E SERÁ CALCULADO COM A SEGUINTE FORMULA:CUSTO*(1+0,1)*(1+16,62%)"}]
["7 - OS PREÇOS UNITÁRIOS SERÃO UTILIZADOS PARA FINS  DE FATURARAMENTO"]
["8 - PEDÁGIO COTADO COMO VALOR MÉDIO ENTRE AS PRAÇAS "]

{"sheet":"FSUP-III Manutenção Operac","index":4,"n_rows":58,"n_cols":11,"rows_kept":58,"cut":false,"hidden":false,"merged":[[8,0,9,4],[8,5,9,5],[8,6,9,6],[8,7,8,8],[8,9,8,10],[10,0,10,4],[11,0,11,4],[13,0,13,4],[14,0,14,6],[56,0,56,10],[48,0,48,10],[51,0,51,6],[53,0,53,10],[54,0,54,10],[50,0,50,5],[50,6,50,10],[52,7,52,10],[55,0,55,10],[34,0,34,10],[40,0,40,6],[37,0,37,4],[15,0,15,10],[26,0,26,10],[33,0,33,6],[16,0,16,10],[25,0,25,6],[47,0,47,6],[12,0,12,4],[41,0,41,10],[0,0,1,10],[38,0,38,4],[39,0,39,4],[6,0,6,1],[6,2,6,8],[6,9,6,10],[2,0,3,8],[2,9,2,10],[3,9,3,10],[4,0,4,10],[7,0,7,1],[7,2,7,8],[7,9,7,10]]}
[]
[]
[" MANUTENÇÃO OPERACIONAL",{"$nulls":8},"CODIGO:"]
[{"$nulls":9},"FSUP-III"]
["NOME DA CONSULTORA:"]
[]
["PROJETO:",null,"OBJETO:",{"$nulls":6},"EDITAL:"]
["Obras Viárias",null,"Apoio à Fiscalização"]
["DISCRIMINAÇÃO",{"$nulls":4},"UND","QTD","CUSTOS 2",null,"PREÇOS 3"]
[{"$nulls":7},"UNT","TOTAL","UNT","TOTAL"]
["1    VEÍCULOS"]
["E8889 - Veículo Sedã Coordenador",{"$nulls":4},"mês",12,{"$f":"(30.72*66)+(6.33*116.49)","v":2764.9016999999999},{"$f":"TRUNC((G12*H12),2)","v":33178.82},{"$f":"TRUNC((1+0.1)*(1+'FSUP-VI Det. Desp Fiscais'!$G$29/100)*H12,2)","v":3546.87},{"$f":"TRUNC(G12*J12,2)","v":42562.44}]
["E8889 - Veículo Sedã Técnicos",{"$nulls":4},"mês",24,{"$f":"(30.72*66)+(6.33*116.49)","v":2764.9016999999999},{"$f":"TRUNC((G13*H13),2)","v":66357.64},{"$f":"TRUNC((1+0.1)*(1+'FSUP-VI Det. Desp Fiscais'!$G$29/100)*H13,2)","v":3546.87},{"$f":"TRUNC(G13*J13,2)","v":85124.88}]
["10202 - Pick up cabine dupla (Equipe de topografia)",{"$nulls":4},"mês",12,9663.35,{"$f":"TRUNC((G14*H14),2)","v":115960.2},{"$f":"TRUNC((1+0.1)*(1+'FSUP-VI Det. Desp Fiscais'!$G$29/100)*H14,2)","v":12396.33},{"$f":"TRUNC(G14*J14,2)","v":148755.96}]
["Total dos custos e dos preços dos veículos",{"$nulls":7},{"$f":"SUM(I12:I14)","v":215496.65999999997},null,{"$f":"SUM(K12:K14)","v":276443.28000000003}]
[]
["2     MANUTENÇÃO E ADMINISTRAÇÃO DO ESCRITÓRIO "]
["Aluguel Escritório - DNIT B8951 (30,00 m²) ",{"$nulls":4},"mês",12,{"$f":"ROUND((2.6/100)*30*1688.83,2)","v":1317.29},{"$f":"TRUNC(G18*H18,2)","v":15807.48},{"$f":"TRUNC((1+0.1)*(1+'FSUP-VI Det. Desp Fiscais'!$G$29/100)*H18,2)","v":1689.84},{"$f":"TRUNC(G18*J18,2)","v":20278.080000000002}]
["Mobiliário Escritório - DNIT B8953",{"$nulls":4},"mês",12,505.99,{"$f":"TRUNC(G19*H19,2)","v":6071.88},{"$f":"TRUNC((1+0.1)*(1+'FSUP-VI Det. Desp Fiscais'!$G$29/100)*H19,2)","v":649.09},{"$f":"TRUNC(G19*J19,2)","v":7789.08}]
["Água/Energia/Telefone/Internet - DNIT B8959",{"$nulls":4},"mês",12,129,1548,{"$f":"TRUNC((1+0.1)*(1+'FSUP-VI Det. Desp Fiscais'!$G$29/100)*H20,2)","v":165.48},1985.76]
[{"$nulls":8},0,{"$f":"TRUNC((1+0.1)*(1+'FSUP-VI Det. Desp Fiscais'!$G$29/100)*H21,2)","v":0},0]
[{"$nulls":8},0,{"$f":"TRUNC((1+0.1)*(1+'FSUP-VI Det. Desp Fiscais'!$G$29/100)*H22,2)","v":0},0]
[{"$nulls":8},0,{"$f":"TRUNC((1+0.1)*(1+'FSUP-VI Det. Desp Fiscais'!$G$29/100)*H23,2)","v":0},0]
[{"$nulls":8},0,{"$f":"TRUNC((1+0.1)*(1+'FSUP-VI Det. Desp Fiscais'!$G$29/100)*H24,2)","v":0},0]
[{"$nulls":8},0,{"$f":"TRUNC((1+0.1)*(1+'FSUP-VI Det. Desp Fiscais'!$G$29/100)*H25,2)","v":0},0]
[{"$nulls":8},{"$f":"SUM(I18:I25)","v":23427.360000000001},null,{"$f":"SUM(K18:K25)","v":30052.920000000002}]
["3     EQUIPAMENTOS "]
[]
["B8958 - Equipamento topografia (1) ",{"$nulls":4},"mês",12,2967.32,{"$f":"TRUNC(G29*H29,2)","v":35607.839999999997},{"$f":"TRUNC((1+0.1)*(1+'FSUP-VI Det. Desp Fiscais'!$G$29/100)*H29,2)","v":3806.53},{"$f":"TRUNC(G29*J29,2)","v":45678.36}]
["Microcomputador completo",{"$nulls":4},"mês",48,60.97,{"$f":"TRUNC(G30*H30,2)","v":2926.56},{"$f":"TRUNC((1+0.1)*(1+'FSUP-VI Det. Desp Fiscais'!$G$29/100)*H30,2)","v":78.209999999999994},{"$f":"TRUNC(G30*J30,2)","v":3754.08}]
["Impressora",{"$nulls":4},"mês",12,77.75,933,{"$f":"TRUNC((1+0.1)*(1+'FSUP-VI Det. Desp Fiscais'!$G$29/100)*H31,2)","v":99.73},1196.76]
[]
["(1) Conforme Tabela 6 - Cesta de instalações de topografia (B8958) do volume Cestas de mobiliário, de instalações e de custos diversos da Tabela de Consultoria"]
[{"$nulls":8},{"$f":"SUM(I28:I33)","v":39467.399999999994},null,{"$f":"SUM(K28:K33)","v":50629.200000000004}]
["4     SERVIÇOS GRÁFICOS"]
["Relatório 100 folhas A3",{"$nulls":4},"unid.",12,35,{"$f":"TRUNC(G36*H36,2)","v":420},{"$f":"TRUNC((1+0.1)*(1+'FSUP-VI Det. Desp Fiscais'!$G$29/100)*H36,2)","v":44.89},{"$f":"TRUNC(G36*J36,2)","v":538.67999999999995}]
["Impressão A0/A1",{"$nulls":4},"unid.",24,10,{"$f":"TRUNC(G37*H37,2)","v":240},{"$f":"TRUNC((1+0.1)*(1+'FSUP-VI Det. Desp Fiscais'!$G$29/100)*H37,2)","v":12.82},{"$f":"TRUNC(G37*J37,2)","v":307.68}]
[]
[]
[]
["Total dos custos e dos preços dos serv. gráficos/computação",{"$nulls":7},{"$f":"SUM(I36:I40)","v":660},null,{"$f":"SUM(K36:K40)","v":846.3599999999999}]
["5     ENSAIOS"]
["Corpo de prova",null,null,null,"060487 Goinfra Civil","unid.",36,14.09,{"$f":"TRUNC(G43*H43,2)","v":507.24},{"$f":"TRUNC((1+0.1)*(1+'FSUP-VI Det. Desp Fiscais'!$G$29/100)*H43,2)","v":18.07},{"$f":"TRUNC(G43*J43,2)","v":650.52}]
["Ensaio de Indíce de suporte Califórnia",null,null,null,"11449 DER-ES","unid.",10,196.25,{"$f":"TRUNC(G44*H44,2)","v":1962.5},{"$f":"TRUNC((1+0.1)*(1+'FSUP-VI Det. Desp Fiscais'!$G$29/100)*H44,2)","v":251.75},{"$f":"TRUNC(G44*J44,2)","v":2517.5}]
["Ensaio de Limites de Liquidez e Plasticidade - por amostra ",null,null,null,"11451 DER-ES","unid.",10,171.46,{"$f":"TRUNC(G45*H45,2)","v":1714.6},{"$f":"TRUNC((1+0.1)*(1+'FSUP-VI Det. Desp Fiscais'!$G$29/100)*H45,2)","v":219.95},{"$f":"TRUNC(G45*J45,2)","v":2199.5}]
["Ensaio de Estabilidade de Concreto Asfáltico ",null,null,null,"101973 DER-ES","unid.",10,459.63,4596.3,{"$f":"TRUNC((1+0.1)*(1+'FSUP-VI Det. Desp Fiscais'!$G$29/100)*H46,2)","v":589.62},5896.2]
["Ensaio de Equivalente de Areia - por amostra ",null,null,null,"11445 DER-ES","unid.",10,206.57,2065.6999999999998,{"$f":"TRUNC((1+0.1)*(1+'FSUP-VI Det. Desp Fiscais'!$G$29/100)*H47,2)","v":264.99},2649.9]
["Total dos custos e dos preços dos serv. gráficos/computação",{"$nulls":7},{"$f":"SUM(I43:I47)","v":10846.34},null,{"$f":"SUM(K43:K47)","v":13913.62}]
[]
["NOME DO INFORMANTE:",{"$nulls":5},"QUALIFICAÇÃO:"]
[]
["ASSINATURA:",{"$nulls":6},"DATA:"]
[]
["OBSERVAÇÃO:"]
["1. Aluguel de veículos inclui combustível e manutenção até o limite de 3000km/mês"]
["2. Custo do item sem lucro e despesas fiscais"]
[{"$f":"CONCATENATE(\"3. Preço = custo + lucro + despesas fiscais. Para calcular o preço aplica-se a seguinte fórmula: custo*(1+0,1)*(1+\",'FSUP-VI Det. Desp Fiscais'!G29,\"%)\")","v":"3. Preço = custo + lucro + despesas fiscais. Para calcular o preço aplica-se a seguinte fórmula: custo*(1+0,1)*(1+16,62%)"}]
["4. Exportar \" total custo\" para a  linha corresponde no FSUP. Os preços serão aplicados para fins de faturamento"]

{"sheet":"FSUP-IV Mobiliz Desmob","index":5,"n_rows":47,"n_cols":14,"rows_kept":47,"cut":false,"hidden":false,"merged":[[42,0,42,5],[37,0,37,2],[40,0,40,5],[8,3,10,3],[41,0,41,5],[0,0,1,13],[8,10,8,13],[2,0,3,11],[2,12,2,13],[3,12,3,13],[6,0,6,1],[6,2,6,11],[8,6,8,9],[8,0,10,2],[8,5,10,5],[41,6,41,13],[8,4,10,4],[45,0,45,13],[4,0,4,13],[46,0,46,13],[6,12,6,13],[42,6,42,13],[43,0,43,10],[43,11,43,13],[7,12,7,13],[44,0,44,10],[9,6,9,7],[44,11,44,13],[9,8,9,9],[9,10,9,11],[9,12,9,13]]}
[]
[]
["MOBILIZAÇÃO E DESMOBILIZAÇÃO",{"$nulls":11},"CODIGO:"]
[{"$nulls":12},"FSUP-IV"]
["NOME DA CONSULTORA:"]
[]
["PROJETO:",null,"OBJETO:",{"$nulls":9},"EDITAL:"]
["Obras Viárias ",null,"Apoio à Fiscalização"]
["DISCRIMINAÇÃO",null,null,"SÍMB.","UNID","QTD.","MOBILIZAÇÃO",null,null,null,"DESMOBILIZAÇÃO"]
[{"$nulls":6},"CUSTO",null,"PREÇO",null,"CUSTO",null,"PREÇO"]
[{"$nulls":6},"UNITÁRIO","TOTAL","UNITÁRIO","TOTAL","UNITÁRIO","TOTAL","UNITÁRIO","TOTAL"]
[]
[]
[{"$nulls":13},{"$f":"ROUND(F14*M14,2)","v":0}]
{"$rows_empty":26}
["TOTAIS DE CUSTOS E DE PREÇOS DE MOBILIZAÇÃO/DESMOBILIZAÇÃO",{"$nulls":6},{"$f":"SUM(H12:H40)","v":0},null,{"$f":"SUM(J12:J40)","v":0},null,{"$f":"SUM(L12:L40)","v":0},null,{"$f":"SUM(N12:N40)","v":0}]
["NOME DO INFORMANTE:",{"$nulls":5},"QUALIFICAÇÃO:"]
[]
["ASSINATURA:",{"$nulls":10},"DATA:"]
[]
["OBS: 1 - Custo do item sem lucro e sem despesas fiscais. Os totais detes deverão ser exportados para o item correspondente no FSUP"]
["         2 -  Preço = custo + lucro + despesas fiscais e será calculado com a seguinte fórmula: custo*(1+0,1)*(1+0,1396). O preço será utilizado para fins de faturamento"]

{"sheet":"FSUP-V Det. custos Adm.","index":6,"n_rows":44,"n_cols":7,"rows_kept":44,"cut":false,"hidden":false,"merged":[[43,0,43,6],[10,1,10,4],[11,1,11,4],[12,1,12,4],[37,1,37,4],[42,0,42,6],[39,0,39,2],[39,3,39,6],[40,5,40,6],[0,0,1,6],[2,0,3,5],[4,0,4,6],[6,2,6,5],[8,0,9,0],[8,1,9,4],[8,5,8,6]]}
[]
[]
["DETALHAMENTO DOS CUSTOS DE ADMINISTRAÇÃO",{"$nulls":5},"CODIGO:"]
[{"$nulls":6},"FSUP-V"]
["NOME DA CONSULTORA:"]
[]
["PROJETO:",null,"OBJETO:",null,null,null,"EDITAL:"]
["Obras Viárias",null,"Apoio à Fiscalização"]
["SEQ.","DISCRIMINAÇÃO",null,null,null,"VALORES"]
[{"$nulls":5},"%","R$"]
[1,"Custos da equipe da administração central da empresa consultora(diretoria, pessoal técnico de apoio e pessoal administrativo não diretamente vinculado à prestação dos serviços)",null,null,null,10,{"$f":"ROUND(F11/$F$38*FSUP!N$34,2)","v":56374.559999999998}]
[2,"Outras despesas que afetam o custo de produção como treinamento, biblioteca, programa de qualidade, auditoria interna e externa",null,null,null,3,{"$f":"ROUND(F12/$F$38*FSUP!N$34,2)","v":16912.37}]
[3,"Despesas com aluguéis, comunicação, manutenção e transporte não diretamente relacionados com o custo direto dos serviços",null,null,null,2,{"$f":"ROUND(F13/$F$38*FSUP!N$34,2)","v":11274.91}]
{"$rows_empty":24}
[null,"TOTAIS DO CUSTO DE ADMINISTRAÇÃO",null,null,null,{"$f":"SUM(F11:F22)","v":15},{"$f":"SUM(G11:G37)","v":84561.84}]
[]
["NOME DO INFORMANTE: ",null,null,"QUALIFICAÇÃO: \n                                   "]
["ASSINATURA:",{"$nulls":4},"DATA: "]
["OBSERVAÇAO:"]
["1 - RELACIONAR OS CUSTOS DE ADMINISTRAÇÃO COM RESPECTIVOS PERCENTUAIS INCIDENTES NA MÃO -DE-OBRA DOS "]
["     SERVIÇOS"]

{"sheet":"FSUP-VI Det. Desp Fiscais","index":7,"n_rows":44,"n_cols":8,"rows_kept":44,"cut":false,"hidden":false,"merged":[[31,6,31,7],[30,0,30,4],[20,0,20,4],[2,0,3,6],[4,0,4,7],[5,0,5,7],[6,2,6,6],[31,0,31,5],[8,5,8,7],[24,0,24,4],[14,0,14,4],[21,0,21,4],[22,0,22,4],[13,0,13,4],[0,0,1,7],[23,0,23,4],[25,0,25,4],[33,0,33,7],[27,0,27,4],[28,0,28,4],[29,0,29,4],[29,5,29,7],[32,6,32,7],[32,0,32,5],[8,0,9,4],[10,0,10,4],[11,0,11,4],[12,0,12,4],[26,0,26,4],[30,5,30,7]]}
[]
[]
[" DETALHAMENTO DAS DESPESAS FISCAIS",{"$nulls":6},"CODIGO:"]
[{"$nulls":7},"FSUP-VI"]
["NOME DA CONSULTORA:"]
[]
["PROJETO:",null,"OBJETO:",{"$nulls":4},"EDITAL:"]
["Obras Viárias",null,"Apoio à Fiscalização"]
["DISCRIMINAÇÃO 1",{"$nulls":4},"VALORES"]
[{"$nulls":5}," DF (%) 2","DF' (%) 3","R$"]
[]
["1 - ISS ",{"$nulls":4},5,{"$f":"(1/(1-$F$29/100))*F12","v":5.8309037900874632},{"$f":"ROUND(G12/G$29*FSUP!N$36,2)","v":109733.83}]
["2 - PIS",{"$nulls":4},1.65,{"$f":"(1/(1-$F$29/100))*F13","v":1.9241982507288626},{"$f":"ROUND(G13/G$29*FSUP!N$36,2)","v":36212.160000000003}]
["3 - COFINS",{"$nulls":4},7.6,{"$f":"(1/(1-$F$29/100))*F14","v":8.8629737609329435},{"$f":"ROUND(G14/G$29*FSUP!N$36,2)","v":166795.42000000001}]
["4 - CPRB",{"$nulls":5},{"$f":"(1/(1-$F$29/100))*F15","v":0},{"$f":"ROUND(G15/G$29*FSUP!N$36,2)","v":0}]
{"$rows_empty":13}
["TOTAIS DE DESPESAS FISCAIS ",{"$nulls":4},{"$f":"SUM(F12:F28)","v":14.25},{"$f":"ROUND(SUM(G12:G28),2)","v":16.62},{"$f":"SUM(H12:H28)","v":312741.41000000003}]
["NOME DO INFORMANTE:",{"$nulls":4},"QUALIFICAÇÃO:"]
[]
["ASSINATURA:",{"$nulls":5},"DATA:"]
[]
["Observação:"]
["1 - DISCRIMINAR OS TRIBUTOS QUE INCIDEM SOBRE OS CUSTOS DA PRESTAÇÃO DOS SERVIÇOS"]
[{"$f":"CONCATENATE(\"2 - DF = INDICAR OS % DE CADA TRIBUTO E A SOMA DOS MESMOS (ISS \",F12,\"% + PIS 1,65% + COFINS 7,60% = \",F29,\"%). \")","v":"2 - DF = INDICAR OS % DE CADA TRIBUTO E A SOMA DOS MESMOS (ISS 5% + PIS 1,65% + COFINS 7,60% = 14,25%). "}]
["OBS.: foi adotada a alíquota de 5% de ISS praticada em Goiânia para obras e serviços de engenharia."]
[]
["3 - AS DESPESAS FISCAIS (DF) INCIDEM SOBRE O TOTAL DA FATURA E NÃO SOBRE OS CUSTOS INCORRIDOS, "]
["     DEVENDO SER CALCULADO O DF' APLICANDO-SE A SEGUINTE FÓRMULA:"]
["DF' = { [ 1 / ( 1 - DF) ] - 1 } x 100"]
[{"$f":"CONCATENATE(\"DF' = { [ 1 / ( 1 - (\",F29,\"%) ] - 1 } x 100)\")","v":"DF' = { [ 1 / ( 1 - (14,25%) ] - 1 } x 100)"}]
[{"$f":"CONCATENATE(\"DF' = (\",G29,\"% . APLICAR O % ENCONTRADO NA LINHA H DO FSUP PARA CALCULAR AS DESPESAS FISCAIS)\")","v":"DF' = (16,62% . APLICAR O % ENCONTRADO NA LINHA H DO FSUP PARA CALCULAR AS DESPESAS FISCAIS)"}]
[" O TOTAL CALCULADO NA LINHA \"H\" DO PFSUP  SERÁ IMPORTADO PARA COMPOR ESTE DETALHAMENTO."]

{"sheet":"FSUP-VII Det. Enc. Sociais","index":8,"n_rows":66,"n_cols":7,"rows_kept":66,"cut":false,"hidden":false,"merged":[[30,0,31,6],[0,0,1,6],[10,1,10,4],[2,0,3,5],[4,0,4,6],[5,0,5,6],[6,0,6,1],[6,2,6,5],[25,0,25,2],[25,3,25,6],[27,5,27,6],[21,0,21,4],[20,3,20,4],[8,0,9,0],[8,5,9,5],[8,6,9,6],[23,0,23,5],[8,1,9,2],[8,3,9,4],[11,3,11,4],[12,3,12,4],[14,3,14,4],[13,3,13,4],[15,3,15,4],[16,3,16,4],[17,3,17,4],[18,3,18,4],[19,3,19,4],[36,12,36,14],[36,16,37,16],[36,15,37,15],[36,1,38,1],[36,2,38,2],[36,3,38,3],[36,4,37,4],[36,5,37,6],[8,8,9,8],[8,9,9,9],[8,10,9,10],[8,11,9,11],[36,7,36,11]]}
[]
[]
["DETALHAMENTO DOS ENCARGOS SOCIAIS",{"$nulls":5},"CODIGO:"]
[{"$nulls":6},"FSUP-VII"]
["NOME DA CONSULTORA:"]
[]
["PROJETO:",null,"OBJETO:",null,null,null,"EDITAL:"]
["Obras Viárias",null,"Apoio à Fiscalização"]
["CÓD","DISCRIMINAÇÃO",null,"ENCARGOS (R$)",null,"QUANTIDADE","ENCARGOS TOTAIS (R$)"]
[]
[]
["P8061","Eng. Coordenador (10 anos experiência)",null,14660.32,null,12,{"$f":"ROUND(D12*F12,2)","v":175923.84}]
["P8058","Eng. Ambiental/Agrícola/Agônomo/Agrimensor/Civil"]
[]
["P8147","Técnico de Campo (05 anos de experiencia)",null,3557.03,null,24,{"$f":"ROUND(D15*F15,2)","v":85368.72}]
["P8163","Topógrafo",null,2911.69,null,12,34940.28]
["P8098","Laboratorista",null,2802.25,null,12,33627]
["P8155","Cadista"]
[]
["P8028","Auxiliar topografia",null,2309.12,null,24,{"$f":"ROUND(D20*F20,2)","v":55418.879999999997}]
["P8026","Auxiliar Adminstrativa",null,2477.16,null,12,29725.919999999998]
[]
[]
["TOTAIS DE ENCARGOS SOCIAIS",{"$nulls":5},{"$f":"ROUND(SUM(G12:G21),2)","v":415004.64}]
["NOME DO INFORMANTE:",null,null,"QUALIFICAÇÃO:"]
[]
["ASSINATURA:",{"$nulls":4},"DATA:"]
[]
["Observação:"]
["1 - DISCRIMINAR OS ENCARGOS SOCIAIS COM SEUS RESPECTIVOS PERCENTUAS TOTALIZANDO OS MESMOS. "]
["2 - O % TOTAL SERÁ APLICADO PARA CÁLCULAR OS E. SOCIAIS INCIDENTES NA MÃO-DE-OBRA COM VÍNCULO, LINHA \"B1\" DO FSUP"]
{"$rows_empty":34}
[null,{"$f":"B48=B57","v":true},true,true]